| 000 | 00888nam a22002177a 4500 | ||
|---|---|---|---|
| 999 |
_c7671 _d7671 |
||
| 003 | OSt | ||
| 005 | 20200317134555.0 | ||
| 008 | 200317b ||||| |||| 00| 0 eng d | ||
| 082 | _a711.409543 | ||
| 100 | _aVastu-Shilpa Foundation | ||
| 110 | _aHousing and Urban Development Corporation (India | ||
| 245 |
_aAranya, an approach to settlement design: _bPlanning and design of low-cost housing project at Indore, India / _cVastu-Shilpa Foundation |
||
| 260 |
_aAhmedabad _bVastu-Shilpa Foundation _cc1990 |
||
| 300 | _axi, 138 p. | ||
| 650 | _aPlanning and design | ||
| 650 | _asettlement design | ||
| 650 | _a low-cost housing | ||
| 650 | _zIndore, India | ||
| 700 | _aUSAID-HUDCO Shelter Design and Analysis Grant Programme, Vastu-Shilpa Foundation for Studies and Research in Environmental Design, USAID/New Delhi, Housing and Urban Development Corporation (India) | ||
| 942 | _2ddc | ||